| 000 | 00808nam a2200241Ia 4500 | ||
|---|---|---|---|
| 003 | GCL | ||
| 008 | 140319s9999 xx 000 0 ara d | ||
| 040 |
_aGCL / _cGCL |
||
| 082 | 0 | 4 |
_a004.678 _bخ ا |
| 100 | 1 | _aخالد محمد خالد | |
| 245 | 1 | 0 |
_aالانترنت واولادك / _cخالد محمد خالد |
| 250 | _aالاولى | ||
| 260 |
_aالقاهرة : _bخالد محمد خالد ، _c2000 |
||
| 300 |
_a94 ص ؛ _c24 سم |
||
| 650 | 0 | 4 | _aالاقمار الصناعية |
| 650 | 0 | 4 | _aالإنترنت |
| 650 | 0 | 4 | _aالبريد الالكترونى |
| 650 | 0 | 4 | _aالإنترنت - مواقع |
| 650 | 0 | 4 | _aالإنترنت - مواقع الأسرة |
| 650 | 0 | 4 | _aالإنترنت - مشاكل إجتماعية |
| 650 | 0 | 4 | _aالإنترنت - أخطار |
| 942 |
_2ddc _cBK |
||
| 999 |
_c9197 _d9197 |
||